00613cam a22002051 450000100060000000300080000600500170001400800390003103500190007003500180008904000390010704100080014608200200015410000250017424500580019926000580025730000270031550400500034265000150039232933BD-RjUL20211209051922.0140429r19571955enk 001 0 eng a(BD-RjUL)33023 a(OCoLC)767205 aDLCcOYUdOCoLCdDLCdBD-RjULbeng aeng a330.1bWEP 19571 aWeisskopf, Walter A.14aThe psychology of economics /cby Walter A Weisskopf. aLondon :bRoutledge & Kegan,c1955 [Impression 1957]. aviii, 266 p. ;c23 cm. aIncludes bibliographical references and index 0aEconomics.